• 首页
  • 本馆介绍
  • 公告通知
  • 最新文献
  • 馆藏检索
  • 电子资源
  • 读者荐购
  • 参考咨询
  • CALIS
  • 我的图书馆
  • 登录
  • 详细信息显示
  • 放入我的书架
  • 预约/预借图书
  • 作者相关作品
  • 分类相关作品
  • 丛书相关作品
  • 出版社相关作品

书目信息

  • 表格格式
  • 工作单格式
  • 卡片格式
题名:
建筑市政工程施工管理研究
    
 
作者: 孙丽平 , 周传龙 , 蔡喜梅 著
分册:  
出版信息: 长春   吉林科学技术出版社  2024.05
页数: 208页
开本: 26cm
丛书名:
单 册:
中图分类: TU99
科图分类:
主题词: 市政工程--shi zheng gong cheng--工程施工--施工管理--研究
电子资源:
ISBN: 978-7-5744-1404-4
 
 
 
 
 
000 01044nam0 2200265 450
001 92554
005 20250818094909.42
010    @a978-7-5744-1404-4@dCNY98.00
100    @a20250523d2024 em y0chiy50 ea
101 0  @achi
102    @aCN@b220000
105    @ay a 000yy
106    @ar
200 1  @a建筑市政工程施工管理研究@Ajian zhu shi zheng gong cheng shi gong guan li yan jiu@f孙丽平, 周传龙, 蔡喜梅著
210    @a长春@c吉林科学技术出版社@d2024.05
215    @a208页@d26cm
320    @a有书目 (第208页)
330    @a本书全面涵盖了建筑市政工程的项目计划、施工组织、质量控制、安全管理等方面。通过理论解析和实际案例分析, 为建筑市政工程领域的施工管理人员、工程师、监理人员以及相关研究者提供了系统的指导, 以提高施工效率、降低工程风险、确保工程质量。
606 0  @a市政工程@Ashi zheng gong cheng@x工程施工@x施工管理@x研究
690    @aTU99@v5
701  0 @a孙丽平@Asun li ping@4著
701  0 @a周传龙@Azhou chuan long@4著
701  0 @a蔡喜梅@Acai xi mei@4著
801  0 @aCN@c20250909
905    @a河南城建学院图书馆@dTU99@eS930@f1
    
    建筑市政工程施工管理研究/孙丽平, 周传龙, 蔡喜梅著.-长春:吉林科学技术出版社,2024.05
    208页;26cm
    
    
    ISBN 978-7-5744-1404-4:CNY98.00
    本书全面涵盖了建筑市政工程的项目计划、施工组织、质量控制、安全管理等方面。通过理论解析和实际案例分析, 为建筑市政工程领域的施工管理人员、工程师、监理人员以及相关研究者提供了系统的指导, 以提高施工效率、降低工程风险、确保工程质量。
●
相关链接 在E读中查询图书 在当当中查询图书 在豆瓣中查询图书


正题名:建筑市政工程施工管理研究     索取号:TU99/S930         预约/预借

序号 登录号 条形码 馆藏地/架位号 状态 备注
1 1626518   216265182   建筑库201/201建筑库 122排2列1层/ [索取号:TU99/S930] 在馆    
河南城建学院图书馆 欢迎您!
大连网信软件有限公司© 版权所有